000 00609nam a2200229Ia 4500
003 OSt
005 20220923220945.0
006 a|||||r|||| 00| 0
007 ta
008 220922b |||||||| |||| 00| 0 hin d
024 _a192,766
037 _cTextual
040 _aARTS
_cARTS
_bhin
041 _2hin
_ahin
082 _aV2:1.L0, 152J1
100 _aसरकार, यदुनाथ
_9156318
245 0 _aऔरंगजेब
246 _aAurangajeba
260 _c1951
942 _hV2:1.L0, 152J1
_cTEXL
_2CC
999 _c345301
_d345301